Statistics for Movies Set In Washington D.C

Click here to take the quiz!

General Stats

  • This quiz has been taken 161 times
    (143 since last reset)
  • The average score is 5 of 10

Answer Stats

ClueMovie% Correct
This Story is about a museum which comes to life at night time.Night at the Museum
87%
It is a 2012 American epic historical drama film directed and co-produced by Steven Spielberg, starring Daniel Day-Lewis as United States President Abraham Lincoln and Sally Field as Mary Todd LincolnLincoln
83%
It is a 2012 historical drama thriller film directed, co-produced by, and starring Ben Affleck. This dramatization is adapted from U.S. Central Intelligence Agency operative Tony Mendez's book The Master of Disguise and Joshuah Bearman's 2007 Wired article The Great Escape.Argo
64%
Evan is asked by god to build an ark because the water is coming. The story is about him building the ark and saving the animals just like Noahs Ark.Evan Almighty
63%
It is a 2013 American science fiction action film directed by Jon M. Chu, based on Hasbro's G.I. Joe toy, comic and media franchises.G.I Joe Retaliation
53%
Its a 2009 American science fiction disaster film directed and co-written by Roland Emmerich. It about horrible events unfolding in a year.2012
51%
It is a 2007 American biographical-drama film, recounting the true story of U.S. Congressman Charlie Wilson who partnered with CIA operative Gust Avrakotos to launch Operation Cyclone, a program to organize and support the Afghan mujahideen during the Soviet war in Afghanistan.Charlie Wilson's War
51%
It is a 2008 American action thriller film directed by D. J. Caruso and starring Shia LaBeouf and Michelle Monaghan. The two portray a young man and a single mother who are brought together and coerced by an anonymous caller (Julianne Moore) into carrying out a plan by a possible terrorist organization.Eagle Eye
24%
It is a 1990 superhero film directed by Albert Pyun. The film is based on the Marvel Comics superhero of the same name.Captain America
22%
This story is about a man with super powers. He wears red and blue suit with an S on it.Superman 2
14%

Score Distribution

Percentile by Number Answered

Percent of People with Each Score

Your Score History

You have not taken this quiz since the last reset